000 00516nam a22002057a 4500
003 UA-OsUOA
001 19910
007 ta
008 20040922b un ||||| |||| 00| 0 ukr d
100 _aГрицина-Матещук О.
942 _cBK
040 _aUA-OsUOA
_brus
_cUA-OsUOA
_dUA-OsUOA
245 _aВідважні, щирі, неповторні...
300 _a87 с.
955 _a0
041 _arus
260 _aЛьвів
_c2003
044 _aRU
650 7 _aКраєзнавча робота
_2UDC
999 _c306083
_d306083